| 000 | 00479nam a22001937a 4500 | ||
|---|---|---|---|
| 003 | OSt | ||
| 005 | 20140310184517.0 | ||
| 008 | 131016t xxu||||| |||| 00| 0 eng d | ||
| 020 | _a9780439164528 | ||
| 050 |
_aPZ 7 _b.K84Es 2001 |
||
| 100 | _aKorman, Gordon | ||
| 245 |
_aIsland : _bescape / _cGordon Korman. |
||
| 260 |
_aNew York : _bScholastic, _c2001. |
||
| 300 |
_a132 p. : _c20 cm. |
||
| 521 | _aG4 | ||
| 526 | _c620 | ||
| 942 |
_2lcc _cBK-SCHOLAS |
||
| 999 |
_c34966 _d34966 |
||